[Event "BCF-chT1d 1718 (4NCL) Demotion pool"]
[Site "England"]
[Date "2018.05.06"]
[Round "10.77"]
[White "Starley, Robert"]
[Black "O'Toole, George E"]
[Result "1-0"]
[WhiteElo "2067"]
[BlackElo "2263"]
[PlyCount "75"]
[EventDate "2017.11.11"]
[EventType "team-swiss"]
[EventRounds "11"]
[EventCountry "ENG"]
[SourceTitle "EXT 2019"]
[Source "ChessBase"]
[SourceDate "2018.10.10"]
[SourceVersion "1"]
[SourceVersionDate "2018.10.10"]
[SourceQuality "1"]
[WhiteTeam "Cambridge University"]
[BlackTeam "Barbican II"]
[WhiteTeamCountry "ENG"]
[BlackTeamCountry "ENG"]

1. e4 e5 2. Nf3 Nc6 3. Bb5 a6 4. Ba4 Nf6 5. d3 d6 6. c3 g6 7. 0-0 Bg7 8. Bg5 h6 9. Be3 0-0 10. h3 b5 11. Bb3 Na5 12. Bc2 c5 13. Nbd2 Qe7 14. Re1 Bb7 15. d4 cxd4 16. cxd4 Rfc8 17. Rc1 Kh7 18. d5 Nc4 19. Nxc4 Rxc4 20. Nd2 Rcc8 21. Qe2 Nh5 22. g3 Bf6 23. Nf3 Qd7 24. Kh2 a5 25. Bd3 b4 26. Bb5 Qd8 27. Qd2 Bg7 28. Bd3 Nf6 29. a3 bxa3 30. bxa3 Ba6 31. Rxc8 Bxc8 32. Rb1 Qd7 33. g4 Qa4 34. Qc2 Qxa3 35. Nd2 Bd7 36. Nc4 Qa4 37. Qxa4 Bxa4 38. Nb6 1-0

[Event "BCF-chT1d 1718 (4NCL) Demotion pool"]
[Site "England"]
[Date "2018.05.05"]
[Round "9.75"]
[White "O'Toole, George E"]
[Black "Ansell, Simon"]
[Result "1-0"]
[WhiteElo "2263"]
[BlackElo "2340"]
[PlyCount "95"]
[EventDate "2017.11.11"]
[EventType "team-swiss"]
[EventRounds "11"]
[EventCountry "ENG"]
[SourceTitle "EXT 2019"]
[Source "ChessBase"]
[SourceDate "2018.10.10"]
[SourceVersion "1"]
[SourceVersionDate "2018.10.10"]
[SourceQuality "1"]
[WhiteTeam "Barbican II"]
[BlackTeam "Blackthorne Russia"]
[WhiteTeamCountry "ENG"]
[BlackTeamCountry "ENG"]

1. e4 e5 2. Nf3 Nc6 3. Bb5 Nge7 4. d4 exd4 5. Nxd4 a6 6. Nxc6 Nxc6 7. Bxc6 dxc6 8. Qxd8+ Kxd8 9. Nc3 Be6 10. Be3 Be7 11. h4 b6 12. h5 Kc8 13. 0-0-0 Kb7 14. f3 a5 15. g4 a4 16. Kb1 b5 17. Ne2 c5 18. Nf4 Bc8 19. Rd2 Bd6 20. Ng2 Ra6 21. Rhd1 g6 22. Rh1 Re8 23. hxg6 hxg6 24. g5 c4 25. Rh7 Be6 26. Bf4 c3 27. bxc3 Ba3 28. Ne3 b4 29. c4 Rc6 30. Rd4 Rc5 31. Nd5 Rd8 32. Be5 c6 33. Nf4 Rxe5 34. Rxd8 Rxg5 35. Rh1 Bxc4 36. Rd4 Bb5 37. Rd7+ Kb6 38. Rxf7 Bc4 39. Rf6 Rg3 40. Nxg6 Rg2 41. Ne5 Bb5 42. Rfh6 b3 43. axb3 axb3 44. cxb3 Rb2+ 45. Ka1 Rxb3 46. Rb1 Rc3 47. Ka2 Bc1 48. Rxc6+ 1-0

[Event "BCF-chT1a 1718 (4NCL)"]
[Site "England"]
[Date "2017.11.11"]
[Round "1.37"]
[White "Gourlay, Iain"]
[Black "O'Toole, George E"]
[Result "1/2-1/2"]
[WhiteElo "2377"]
[BlackElo "2263"]
[PlyCount "79"]
[EventDate "2017.11.11"]
[EventType "team-swiss"]
[EventRounds "11"]
[EventCountry "ENG"]
[SourceTitle "CBM 181 Extra"]
[Source "ChessBase"]
[SourceDate "2017.12.12"]
[SourceVersion "1"]
[SourceVersionDate "2017.12.12"]
[SourceQuality "1"]
[WhiteTeam "White Rose"]
[BlackTeam "Barbican II"]
[WhiteTeamCountry "ENG"]
[BlackTeamCountry "ENG"]

1. c4 Nf6 2. g3 g6 3. Bg2 Bg7 4. Nc3 0-0 5. Rb1 c6 6. e4 d6 7. Nge2 a5 8. 0-0 e5 9. d3 Na6 10. a3 Nc5 11. b4 axb4 12. axb4 Ne6 13. h3 Bd7 14. Be3 Qe7 15. f4 exf4 16. gxf4 Nh5 17. f5 Nc7 18. Qd2 Rfe8 19. Bg5 f6 20. Bh4 gxf5 21. exf5 Qf8 22. Ne4 Re5 23. Bf3 Bxf5 24. Bxh5 Bxe4 25. Bg4 Bg6 26. Ng3 Ne8 27. Ra1 Rxa1 28. Rxa1 f5 29. Rf1 Bh6 30. Bg5 Bxg5 31. Qxg5 f4 32. Qxf4 Qxf4 33. Rxf4 Bxd3 34. Rd4 Bg6 35. Bc8 Re7 36. h4 Rc7 37. Be6+ Kg7 38. h5 Bb1 39. Rd1 Bc2 40. Rd2 1/2-1/2

[Event "BCF-chT1d 1617 (4NCL) Demotion pool"]
[Site "England"]
[Date "2017.04.30"]
[Round "10.66"]
[White "Stevenson, James"]
[Black "O'Toole, George E"]
[Result "0-1"]
[WhiteElo "2055"]
[BlackElo "2267"]
[PlyCount "42"]
[EventDate "2016.11.19"]
[EventType "team-tourn"]
[EventRounds "4"]
[EventCountry "ENG"]
[SourceTitle "EXT 2018"]
[Source "ChessBase"]
[SourceDate "2017.10.13"]
[SourceVersion "1"]
[SourceVersionDate "2017.10.13"]
[SourceQuality "1"]
[WhiteTeam "Celtic Tigers"]
[BlackTeam "Barbican II"]
[WhiteTeamCountry "ENG"]
[BlackTeamCountry "ENG"]

1. d4 Nf6 2. c4 c5 3. d5 b5 4. cxb5 a6 5. Nc3 axb5 6. e4 b4 7. Nb5 d6 8. Bc4 Qa5 9. e5 dxe5 10. d6 exd6 11. Nxd6+ Bxd6 12. Qxd6 Ba6 13. Qxe5+ Kf8 14. Qd6+ Kg8 15. Bxa6 Nxa6 16. Be3 Rd8 17. Qc6 b3+ 18. Ke2 Nb4 19. Qxc5 Qa6+ 20. Kf3 Nc2 21. Ne2 Qa8+ 0-1

[Event "BCF-chT1b 1617 (4NCL)"]
[Site "England"]
[Date "2017.01.14"]
[Round "3.65"]
[White "Fitzsimons, David"]
[Black "O'Toole, George E"]
[Result "1-0"]
[WhiteElo "2372"]
[BlackElo "2267"]
[PlyCount "69"]
[EventDate "2016.11.19"]
[EventType "team-tourn"]
[EventRounds "7"]
[EventCountry "ENG"]
[SourceTitle "EXT 2018"]
[Source "ChessBase"]
[SourceDate "2017.10.13"]
[SourceVersion "1"]
[SourceVersionDate "2017.10.13"]
[SourceQuality "1"]
[WhiteTeam "Wood Green"]
[BlackTeam "Barbican II"]
[WhiteTeamCountry "ENG"]
[BlackTeamCountry "ENG"]

1. e4 e5 2. Nf3 Nc6 3. Bc4 Bc5 4. c3 Nf6 5. d3 a6 6. 0-0 d6 7. Bb3 Ba7 8. Nbd2 0-0 9. h3 Nh5 10. Nc4 h6 11. Nfxe5 Nxe5 12. Nxe5 Ng3 13. Qf3 Nxf1 14. Nxf7 Qf6 15. Qxf6 gxf6 16. Nxd6+ Kg7 17. Nxc8 Raxc8 18. Kxf1 c5 19. Bd5 Rc7 20. Bf4 Rd7 21. Be3 b5 22. a3 f5 23. c4 fxe4 24. dxe4 bxc4 25. Bxc4 a5 26. a4 Re7 27. Rd1 Rfe8 28. f3 Re5 29. Rd7+ R5e7 30. Rd6 Bb8 31. Rxh6 Rxe4 32. fxe4 Rxe4 33. Rh7+ Kf6 34. Rf7+ Kg6 35. Bd3 1-0

[Event "BCF-chT1b 1617 (4NCL)"]
[Site "England"]
[Date "2016.11.20"]
[Round "2.66"]
[White "Bremner, Adam"]
[Black "O'Toole, George E"]
[Result "1/2-1/2"]
[WhiteElo "2207"]
[BlackElo "2267"]
[PlyCount "96"]
[EventDate "2016.11.19"]
[EventType "team-tourn"]
[EventRounds "7"]
[EventCountry "ENG"]
[SourceTitle "CBM 175 Extra"]
[Source "ChessBase"]
[SourceDate "2016.12.12"]
[SourceVersion "1"]
[SourceVersionDate "2016.12.12"]
[SourceQuality "1"]
[WhiteTeam "Grantham Sharks"]
[BlackTeam "Barbican II"]
[WhiteTeamCountry "ENG"]
[BlackTeamCountry "ENG"]

1. e4 e5 2. Nf3 Nc6 3. Nc3 Nf6 4. d4 exd4 5. Nxd4 Bb4 6. Nxc6 bxc6 7. Bd3 d5 8. exd5 cxd5 9. 0-0 0-0 10. h3 c6 11. Qf3 Bd6 12. Bf4 Rb8 13. b3 Rb4 14. Ne2 c5 15. Bxd6 Qxd6 16. c4 d4 17. Qg3 Rb6 18. Qxd6 Rxd6 19. Rfe1 Re8 20. Ng3 Rxe1+ 21. Rxe1 Re6 22. Rxe6 Bxe6 23. Kf1 Kf8 24. Ke2 g5 25. Ne4 Nxe4 26. Bxe4 h5 27. Kd3 Ke7 28. b4 Kd6 29. a3 h4 30. f3 f6 31. Ba8 Bd7 32. Bd5 f5 33. Kd2 Ba4 34. Kd3 Bb3 35. Bf7 Ba4 36. Bd5 Be8 37. Kd2 Bh5 38. Kd3 Bg6 39. Bb7 g4 40. fxg4 fxg4+ 41. Be4 gxh3 42. gxh3 Bf7 43. Bf5 Ke5 44. Bd7 Bg6+ 45. Kd2 Kd6 46. Bg4 Be4 47. Ke2 Bg2 48. Bc8 Be4 1/2-1/2

[Event "Budapest FS05 IM"]
[Site "Budapest"]
[Date "2016.05.16"]
[Round "8"]
[White "O'Toole, George E"]
[Black "Radnai, Adam"]
[Result "1/2-1/2"]
[WhiteElo "2241"]
[BlackElo "2288"]
[PlyCount "77"]
[EventDate "2016.05.07"]
[EventType "tourn"]
[EventRounds "9"]
[EventCountry "HUN"]
[EventCategory "1"]
[SourceTitle "CBM 172 Extra"]
[Source "ChessBase"]
[SourceDate "2016.06.21"]
[SourceVersion "1"]
[SourceVersionDate "2016.06.21"]
[SourceQuality "1"]

1. e4 c5 2. c3 Nf6 3. e5 Nd5 4. Nf3 Nc6 5. Bc4 Nb6 6. Bb3 c4 7. Bc2 Qc7 8. Qe2 g5 9. Na3 g4 10. Nb5 Qb8 11. Nh4 Nxe5 12. 0-0 a6 13. Nd4 d6 14. a4 Qc7 15. b3 e6 16. f4 gxf3 17. Nhxf3 Be7 18. Nxe5 dxe5 19. Nf3 cxb3 20. Bxb3 Nd7 21. Rb1 b6 22. d4 Bb7 23. Nxe5 Nxe5 24. Qxe5 Qxe5 25. dxe5 Rg8 26. Rb2 Rc8 27. c4 Bc5+ 28. Kh1 Rd8 29. a5 Rd4 30. Be3 Rdg4 31. Ba4+ Kd8 32. Bxc5 Rxg2 33. Bxb6+ Kc8 34. Rxg2 Rxg2 35. h4 Ra2+ 36. Kg1 Rg2+ 37. Kh1 Ra2+ 38. Kg1 Rg2+ 39. Kh1 1/2-1/2

[Event "London Classic CSC op 7th"]
[Site "London"]
[Date "2015.12.06"]
[Round "5"]
[White "Vonhoff, Nils"]
[Black "O'Toole, George E"]
[Result "0-1"]
[WhiteElo "2013"]
[BlackElo "2204"]
[PlyCount "64"]
[EventDate "2015.12.04"]
[EventType "swiss"]
[EventRounds "5"]
[EventCountry "ENG"]
[SourceTitle "CBM 169 Extra"]
[Source "ChessBase"]
[SourceDate "2015.12.18"]
[SourceVersion "1"]
[SourceVersionDate "2015.12.18"]
[SourceQuality "1"]

1. e4 e5 2. Bc4 Nf6 3. d3 Nc6 4. c3 Be7 5. Nf3 0-0 6. b4 d6 7. Bg5 h6 8. Bh4 Nh7 9. Bxe7 Qxe7 10. Nbd2 Kh8 11. Qc2 f5 12. h3 Qf6 13. a4 Ne7 14. 0-0-0 c6 15. Rde1 Ng5 16. Kb2 Nxf3 17. Nxf3 Bd7 18. Ba2 a5 19. Nd2 b5 20. axb5 axb4 21. cxb4 Rfb8 22. Ra1 Rxb5 23. Bb3 Rab8 24. Ra4 c5 25. Rha1 Rxb4 26. Rxb4 Rxb4 27. Ra8+ Kh7 28. Ka1 Be6 29. Nc4 Nc6 30. Ba2 Nd4 31. Qd1 fxe4 32. Nxd6 Qxf2 0-1

[Event "London Classic CSC op 7th"]
[Site "London"]
[Date "2015.12.05"]
[Round "2"]
[White "O'Toole, George E"]
[Black "White, Jonathan"]
[Result "1-0"]
[WhiteElo "2204"]
[BlackElo "1933"]
[PlyCount "55"]
[EventDate "2015.12.04"]
[EventType "swiss"]
[EventRounds "5"]
[EventCountry "ENG"]
[SourceTitle "CBM 169 Extra"]
[Source "ChessBase"]
[SourceDate "2015.12.18"]
[SourceVersion "1"]
[SourceVersionDate "2015.12.18"]
[SourceQuality "1"]

1. e4 e5 2. Nf3 Nf6 3. Nxe5 d6 4. Nf3 Nxe4 5. d4 d5 6. Bd3 Nc6 7. 0-0 Be7 8. c4 Nb4 9. Be2 0-0 10. Nc3 Bf5 11. a3 Nxc3 12. bxc3 Nc6 13. cxd5 Qxd5 14. Bf4 Bf6 15. Bxc7 Rac8 16. Be5 Bxe5 17. dxe5 Qa5 18. Nd4 Qxe5 19. Nxf5 Qxf5 20. Bg4 Qe5 21. Bxc8 Rxc8 22. Re1 Qc7 23. Ra2 g6 24. Rae2 Kg7 25. h4 Qa5 26. Qd7 Rc7 27. Qd6 Rc8 28. Re8 1-0

[Event "Gibraltar Challengers-B 13th"]
[Site "Caleta"]
[Date "2015.01.31"]
[Round "1"]
[White "Nwoye, Nnamdi"]
[Black "O'Toole, George E"]
[Result "1-0"]
[WhiteElo "2015"]
[BlackElo "2242"]
[PlyCount "83"]
[EventDate "2015.01.31"]
[EventType "swiss"]
[EventRounds "5"]
[EventCountry "GGB"]
[SourceTitle "CBM 164 Extra"]
[Source "ChessBase"]
[SourceDate "2015.03.02"]
[SourceVersion "1"]
[SourceVersionDate "2015.03.02"]
[SourceQuality "1"]

1. Nf3 d6 2. c4 g6 3. b3 Bg7 4. Nc3 Nf6 5. Rb1 0-0 6. g3 e5 7. d3 a5 8. Bg2 Re8 9. Nd2 c6 10. 0-0 Be6 11. a3 d5 12. b4 axb4 13. axb4 Nbd7 14. Qc2 Qe7 15. b5 Nc5 16. Bb2 d4 17. Nce4 cxb5 18. Nxf6+ Bxf6 19. cxb5 Rec8 20. Nc4 Na4 21. Ra1 Bxc4 22. dxc4 Qb4 23. Bxb7 Rxc4 24. Ba3 Qxb5 25. Qd3 e4 26. Bxe4 Rac8 27. Rab1 Qe8 28. Rbc1 Nc3 29. Bf3 h5 30. h4 Be7 31. Ra1 Bf6 32. Bc1 R4c5 33. Bf4 Rf5 34. Bd6 Qd7 35. Ra6 Kg7 36. Kg2 Rd8 37. Rfa1 Be5 38. Bxe5+ Rxe5 39. Ra7 Qe8 40. R1a6 Re7 41. Ra8 Rxa8 42. Qxd4+ 1-0

[Event "Gibraltar Challengers-A 13th"]
[Site "Caleta"]
[Date "2015.01.27"]
[Round "2"]
[White "O'Toole, George E"]
[Black "Rodriguez Alvarez, Vidal Hely"]
[Result "0-1"]
[WhiteElo "2242"]
[BlackElo "2122"]
[PlyCount "88"]
[EventDate "2015.01.26"]
[EventType "swiss"]
[EventRounds "5"]
[EventCountry "GGB"]
[SourceTitle "CBM 164 Extra"]
[Source "ChessBase"]
[SourceDate "2015.03.02"]
[SourceVersion "1"]
[SourceVersionDate "2015.03.02"]
[SourceQuality "1"]

1. e4 c5 2. c3 Nf6 3. e5 Nd5 4. d4 cxd4 5. Nf3 d6 6. cxd4 Nc6 7. Bc4 e6 8. 0-0 Be7 9. a3 0-0 10. Bd2 Qb6 11. Nc3 dxe5 12. Bxd5 exd5 13. Nxd5 Qd8 14. Nxe7+ Nxe7 15. dxe5 Bg4 16. Bb4 Re8 17. Qb3 Qb6 18. Ng5 Bh5 19. Qh3 Bg6 20. Rad1 h6 21. Nf3 Nc6 22. Bc3 Rad8 23. Rxd8 Qxd8 24. Qg4 Qd3 25. Re1 Bf5 26. Qf4 g5 27. Qg3 Re6 28. h3 Rg6 29. Re3 Qd1+ 30. Kh2 Be6 31. Nd2 Ne7 32. Rd3 Nf5 33. Qg4 Qc1 34. Qa4 Kh7 35. Qe4 h5 36. g3 Nh6 37. Rf3 Bxh3 38. e6 Ng4+ 39. Qxg4 Bxg4 40. exf7 Bxf3 41. Nxf3 Rg8 42. Bd2 Qc8 43. fxg8Q+ Kxg8 44. Nxg5 Qc2 0-1

[Event "Gibraltar Challengers-A 13th"]
[Site "Caleta"]
[Date "2015.01.26"]
[Round "1"]
[White "Gieritz, Dietmar"]
[Black "O'Toole, George E"]
[Result "0-1"]
[WhiteElo "2048"]
[BlackElo "2242"]
[PlyCount "50"]
[EventDate "2015.01.26"]
[EventType "swiss"]
[EventRounds "5"]
[EventCountry "GGB"]
[SourceTitle "CBM 164 Extra"]
[Source "ChessBase"]
[SourceDate "2015.03.02"]
[SourceVersion "1"]
[SourceVersionDate "2015.03.02"]
[SourceQuality "1"]

1. Nf3 d6 2. d4 g6 3. g3 Bg7 4. Bg2 Nf6 5. 0-0 0-0 6. c4 Nbd7 7. Nc3 e5 8. h3 c6 9. Re1 exd4 10. Nxd4 Nb6 11. b3 d5 12. cxd5 Nfxd5 13. Ne4 f5 14. Bg5 Ne7 15. Nc5 Bxd4 16. Bxe7 Bxf2+ 17. Kxf2 Qxe7 18. Qd4 f4 19. Rad1 fxg3+ 20. Kxg3 Bf5 21. e4 Rad8 22. Qe3 Qe5+ 23. Kh4 Rxd1 24. Rxd1 Bxe4 25. Nd3 g5+ 0-1

[Event "BCF-chT1b 1213 (4NCL)"]
[Site "England"]
[Date "2013.02.23"]
[Round "5.187"]
[White "O'Toole, George E"]
[Black "Shephard, Chris CW"]
[Result "0-1"]
[WhiteElo "2204"]
[BlackElo "2167"]
[PlyCount "116"]
[EventDate "2012.11.03"]
[EventType "team-tourn"]
[EventRounds "7"]
[EventCountry "ENG"]
[SourceTitle "EXT 2014"]
[Source "ChessBase"]
[SourceDate "2013.11.20"]
[SourceVersion "1"]
[SourceVersionDate "2013.11.20"]
[SourceQuality "1"]
[WhiteTeam "Barbican II"]
[BlackTeam "Warwicks Select"]
[WhiteTeamCountry "ENG"]
[BlackTeamCountry "ENG"]

1. e4 c6 2. c4 g6 3. Nc3 Bg7 4. d4 d6 5. Nf3 e5 6. dxe5 dxe5 7. Qxd8+ Kxd8 8. Be3 Nd7 9. 0-0-0 Ke7 10. Nd2 Bh6 11. Re1 Bxe3 12. Rxe3 Ngf6 13. f3 Nc5 14. b4 Ne6 15. Nb3 Nd4 16. Rd3 Nxb3+ 17. axb3 Be6 18. b5 Nd7 19. Kc2 cxb5 20. Nxb5 Rhc8 21. Nc3 Rab8 22. Nd5+ Kf8 23. Be2 b5 24. Rd2 bxc4 25. Bxc4 Nb6 26. Kc3 a5 27. Nxb6 Rxb6 28. Ra1 Bxc4 29. bxc4 Rb4 30. Rxa5 Rcxc4+ 31. Kd3 Rd4+ 32. Ke3 Rb3+ 33. Ke2 Rxd2+ 34. Kxd2 Rb2+ 35. Ke3 Rxg2 36. Rxe5 Rxh2 37. Rg5 Ke7 38. Kf4 Kf6 39. Rg1 h5 40. Kg3 Ra2 41. Rb1 Ra6 42. Rb5 Kg7 43. Rb7 g5 44. Rb5 Kg6 45. Rb3 Rf6 46. Ra3 Rf4 47. Ra6+ Kg7 48. Ra5 h4+ 49. Kg2 Kf6 50. Ra6+ Ke5 51. Ra5+ Kf6 52. Ra6+ Kg7 53. Ra5 Kg6 54. Ra3 Kh5 55. Kh3 Rxf3+ 56. Rxf3 g4+ 57. Kg2 gxf3+ 58. Kxf3 Kg5 0-1

[Event "Gibraltar Challengers-B 11th"]
[Site "Caleta"]
[Date "2013.01.30"]
[Round "5"]
[White "O'Toole, George E"]
[Black "Kovacs, Klara"]
[Result "1-0"]
[WhiteElo "1960"]
[BlackElo "2210"]
[PlyCount "53"]
[EventDate "2013.01.26"]
[EventType "swiss"]
[EventRounds "5"]
[EventCountry "GGB"]
[SourceTitle "EXT 2014"]
[Source "ChessBase"]
[SourceDate "2013.11.20"]
[SourceVersion "1"]
[SourceVersionDate "2013.11.20"]
[SourceQuality "1"]

1. e4 e6 2. d4 d5 3. e5 c5 4. c3 Nc6 5. Nf3 Bd7 6. Be2 cxd4 7. cxd4 Nh6 8. 0-0 f6 9. Re1 Nf7 10. Nc3 Be7 11. Bd3 fxe5 12. dxe5 Bc8 13. a3 g6 14. b4 Ng5 15. Nxg5 Bxg5 16. Qg4 Bxc1 17. Raxc1 Kf7 18. h4 Kg7 19. h5 g5 20. b5 Na5 21. Ne2 Kh6 22. Nd4 Qe7 23. Nf3 Rg8 24. Nh2 Nb3 25. Rc3 Nc5 26. Qf3 Kg7 27. Rxc5 1-0

[Event "Gibraltar Challengers-B 11th"]
[Site "Caleta"]
[Date "2013.01.29"]
[Round "4"]
[White "Janev, Pavel"]
[Black "O'Toole, George E"]
[Result "1/2-1/2"]
[WhiteElo "2126"]
[BlackElo "1960"]
[PlyCount "127"]
[EventDate "2013.01.26"]
[EventType "swiss"]
[EventRounds "5"]
[EventCountry "GGB"]
[SourceTitle "EXT 2014"]
[Source "ChessBase"]
[SourceDate "2013.11.20"]
[SourceVersion "1"]
[SourceVersionDate "2013.11.20"]
[SourceQuality "1"]

1. e4 e5 2. Nf3 Nc6 3. Bb5 a6 4. Ba4 Nf6 5. d3 b5 6. Bb3 Be7 7. 0-0 d6 8. c3 0-0 9. Qe2 Na5 10. Bc2 c5 11. Bg5 h6 12. Bxf6 Bxf6 13. Nbd2 g6 14. a3 Nc6 15. Bb3 Be6 16. Bxe6 fxe6 17. g3 g5 18. Ne1 Ra7 19. a4 b4 20. Qh5 Qe8 21. Qxe8 Rxe8 22. Nc2 Rb7 23. Rfb1 Reb8 24. Ne3 Be7 25. Kf1 Kf7 26. Ke2 h5 27. f3 Rh8 28. Kd1 h4 29. Kc2 hxg3 30. hxg3 Rh2 31. Rg1 Rb8 32. Ng4 Rh3 33. Nc4 Rbh8 34. Kd2 Ke8 35. Ke2 Kd7 36. Kf2 Bd8 37. Ke2 Ke7 38. Rac1 Bc7 39. Nf2 Rh2 40. Rh1 d5 41. Rxh2 Rxh2 42. Nd2 Bb6 43. Rh1 Rxh1 44. Nxh1 bxc3 45. bxc3 Ba5 46. Nb1 d4 47. c4 Nb8 48. Nd2 Bb4 49. Nf2 Nd7 50. Ng4 Kd6 51. Nh6 Nb6 52. a5 Bxa5 53. Nf7+ Kc7 54. Nxg5 Na4 55. Nb1 Kd7 56. f4 exf4 57. gxf4 Bd8 58. Nf3 Bc7 59. e5 Ba5 60. Kd1 Nb6 61. Nbd2 Bxd2 62. Nxd2 Nc8 63. Ne4 Kc6 64. Ng5 1/2-1/2

[Event "Gibraltar Challengers-B 11th"]
[Site "Caleta"]
[Date "2013.01.27"]
[Round "2"]
[White "Cawley, Paul F"]
[Black "O'Toole, George E"]
[Result "0-1"]
[WhiteElo "2113"]
[BlackElo "1960"]
[PlyCount "48"]
[EventDate "2013.01.26"]
[EventType "swiss"]
[EventRounds "5"]
[EventCountry "GGB"]
[SourceTitle "EXT 2014"]
[Source "ChessBase"]
[SourceDate "2013.11.20"]
[SourceVersion "1"]
[SourceVersionDate "2013.11.20"]
[SourceQuality "1"]

1. e4 e5 2. Nf3 Nc6 3. d4 exd4 4. Bc4 Nf6 5. e5 d5 6. Bb5 Ne4 7. Nxd4 Bc5 8. Be3 Bd7 9. Bxc6 bxc6 10. 0-0 Qe7 11. Re1 Rb8 12. f3 Ng5 13. f4 Ne6 14. f5 Bxd4 15. Bxd4 Nxd4 16. Qxd4 Bxf5 17. Qxa7 0-0 18. Qf2 Qg5 19. c3 Rfe8 20. Na3 Be4 21. Re3 Rxb2 22. Qxb2 Qxe3+ 23. Kh1 h5 24. Rg1 h4 0-1

[Event "Gibraltar Challengers-A 11th"]
[Site "Caleta"]
[Date "2013.01.23"]
[Round "3"]
[White "O'Toole, George E"]
[Black "Jameson, David"]
[Result "1-0"]
[WhiteElo "1960"]
[BlackElo "2143"]
[PlyCount "56"]
[EventDate "2013.01.21"]
[EventType "swiss"]
[EventRounds "5"]
[EventCountry "GGB"]
[SourceTitle "EXT 2014"]
[Source "ChessBase"]
[SourceDate "2013.11.20"]
[SourceVersion "1"]
[SourceVersionDate "2013.11.20"]
[SourceQuality "1"]

1. e4 e5 2. Nf3 Nc6 3. Bc4 Bc5 4. c3 Nf6 5. d3 d6 6. Nbd2 0-0 7. h3 a6 8. Bb3 b5 9. 0-0 h6 10. Re1 Re8 11. Nf1 Be6 12. Ng3 d5 13. Qe2 Qd7 14. Nh4 Rad8 15. Qf3 Kh7 16. Bc2 dxe4 17. dxe4 Ng4 18. Rf1 g6 19. Nh1 Qe7 20. Nf5 Bxf5 21. exf5 e4 22. Qxg4 Ne5 23. Qxe4 Qf6 24. fxg6+ fxg6 25. Qf4 Qd6 26. Qxh6+ Kg8 27. Bf4 Re6 28. Rad1 Qe7 1-0

[Event "BCF-chT2a 1112 (4NCL)"]
[Site "England"]
[Date "2012.03.31"]
[Round "7.34"]
[White "O'Toole, George E"]
[Black "Pickard, Charles W"]
[Result "0-1"]
[WhiteElo "2189"]
[BlackElo "2125"]
[PlyCount "58"]
[EventDate "2011.11.12"]
[EventType "team-tourn"]
[EventRounds "7"]
[EventCountry "ENG"]
[SourceTitle "EXT 2013"]
[Source "ChessBase"]
[SourceDate "2012.11.22"]
[SourceVersion "1"]
[SourceVersionDate "2012.11.22"]
[SourceQuality "1"]
[WhiteTeam "Barbican Youth"]
[BlackTeam "Cambridge II"]
[WhiteTeamCountry "ENG"]
[BlackTeamCountry "ENG"]

1. e4 c5 2. c3 d5 3. exd5 Qxd5 4. d4 g6 5. dxc5 Qxc5 6. Be3 Qc7 7. Na3 a6 8. Nf3 Bg7 9. Nc4 Nd7 10. a4 Ngf6 11. Qb3 0-0 12. Be2 Nd5 13. Rd1 Nc5 14. Qa3 Nxe3 15. Nxe3 Be6 16. Nd4 Bxd4 17. Rxd4 b5 18. a5 Nb3 19. Rh4 Nc1 20. f4 Nxe2 21. Kxe2 Bc4+ 22. Kf2 Rad8 23. Re1 Rd2+ 24. Kg1 e5 25. Ng4 Qc6 26. Ne3 exf4 27. Rxf4 Re8 28. Rg4 f5 29. Rd4 Rxe3 0-1

[Event "Cappelle op 28th"]
[Site "Cappelle la Grande"]
[Date "2012.03.06"]
[Round "5"]
[White "Tomczak, Jacek"]
[Black "O'Toole, George E"]
[Result "1-0"]
[WhiteElo "2555"]
[BlackElo "2177"]
[PlyCount "77"]
[EventDate "2012.03.03"]
[EventType "swiss"]
[EventRounds "9"]
[EventCountry "FRA"]
[SourceTitle "CBM 147 Extra"]
[Source "ChessBase"]
[SourceDate "2012.04.24"]
[SourceVersion "1"]
[SourceVersionDate "2012.04.24"]
[SourceQuality "1"]

1. e4 e5 2. Nf3 Nc6 3. d4 exd4 4. Nxd4 Nf6 5. Nxc6 bxc6 6. e5 Qe7 7. Qe2 Nd5 8. c4 Nb6 9. Nc3 Qe6 10. Qe4 Ba6 11. b3 Bb4 12. Bd2 Bxc3 13. Bxc3 d5 14. Qh4 dxc4 15. Rc1 0-0 16. Be2 f6 17. 0-0 fxe5 18. Qg5 Qf5 19. Qg3 Nd5 20. Bxe5 Nf6 21. Bxc4+ Bxc4 22. Rxc4 Rae8 23. f4 Re6 24. Rd1 Ng4 25. h3 Nxe5 26. fxe5 h5 27. Re1 Rf7 28. Qe3 a6 29. Ra4 Qc2 30. Rxa6 Rg6 31. Ra8+ Kh7 32. Qe2 Qc5+ 33. Kh1 Rf2 34. Qxh5+ Rh6 35. Qg4 Qc3 36. Qe4+ g6 37. Qe3 Qc2 38. Rc1 Qf5 39. Rxc6 1-0

[Event "BCF-chT2a 1112 (4NCL)"]
[Site "England"]
[Date "2012.02.11"]
[Round "5.4"]
[White "Malhotra, Tarun"]
[Black "O'Toole, George E"]
[Result "0-1"]
[WhiteElo "1982"]
[BlackElo "2189"]
[PlyCount "98"]
[EventDate "2011.11.12"]
[EventType "team-tourn"]
[EventRounds "7"]
[EventCountry "ENG"]
[SourceTitle "EXT 2013"]
[Source "ChessBase"]
[SourceDate "2012.11.22"]
[SourceVersion "1"]
[SourceVersionDate "2012.11.22"]
[SourceQuality "1"]
[WhiteTeam "FCA Solutions"]
[BlackTeam "Barbican Youth"]
[WhiteTeamCountry "ENG"]
[BlackTeamCountry "ENG"]

1. e4 e5 2. Nf3 Nc6 3. Bb5 Nge7 4. 0-0 g6 5. d4 exd4 6. Nxd4 Bg7 7. Be3 0-0 8. Nc3 a6 9. Be2 d6 10. Nd5 h6 11. c4 f5 12. f3 fxe4 13. fxe4 Rxf1+ 14. Kxf1 Nxd5 15. cxd5 Qf6+ 16. Nf3 Ne5 17. Kg1 Nxf3+ 18. Bxf3 Bd7 19. Rc1 Rc8 20. b3 g5 21. h3 c5 22. Rc2 Rf8 23. Kh2 Qe5+ 24. g3 Be8 25. Bc1 Qe7 26. Bb2 Bxb2 27. Rxb2 Bg6 28. Qe2 Re8 29. Rb1 Qe5 30. Re1 Kg7 31. Bg2 Rf8 32. Bf3 Qd4 33. Kg2 Re8 34. Kh2 Re7 35. Kg2 b5 36. Rd1 Qe5 37. Re1 Qc3 38. Qe3 Qxe3 39. Rxe3 Kf6 40. Kf2 Ke5 41. Rd3 Rf7 42. Ke3 Rxf3+ 43. Kxf3 Bxe4+ 44. Ke3 Bxd3 45. Kxd3 Kxd5 46. Ke3 c4 47. g4 c3 48. Kd3 b4 49. Kc2 Ke4 0-1